Statystyki dla Sołectwa gminy Lipusz

Kliknij tutaj aby rozwiązać quiz!

Ogólne statystyki

  • Ten quiz został rozwiązany 7 razy
  • Średni wynik to 6 z 8

Statystyki odpowiedzi

Odpowiedź% Poprawnych
Lipuska Huta
83%
Lipusz
83%
Szklana Huta
83%
Bałachy
67%
Gostomko
67%
Płocice
67%
Tuszkowy
67%
Śluza
50%

Rozkład punktacji

Percentyl według liczby udzielonych odpowiedzi

Procent ludzi z każdym wynikiem

Twoja historia wyników

Nie rozwiązałeś tego quizu